| 000 | 01365nam a2200373Ia 4500 | ||
|---|---|---|---|
| 005 | 20220317001755.0 | ||
| 008 | 170328s2014 m a g 000 0 s | ||
| 020 | _a9786071604590 | ||
| 041 | _aspa | ||
| 100 | 1 |
_aKasparavicius, Kestutis _d1954- |
|
| 245 | 1 | 0 |
_aZanaforius el grande _cKestutis Kasparavicius ; traducción de Margarita Santos Cuesta |
| 250 | _a1a. edición | ||
| 300 |
_a58 páginas _bilustraciones a color _c25 cm |
||
| 521 | _aRecomendado desde los 6 años | ||
| 534 | _tKiskis morkus didysis | ||
| 650 | 1 | 4 |
_2LEMB _aCuentos infantiles alemanes _ySiglo XX |
| 650 | 1 | 4 |
_2LEMB _aLiteratura infantil alemana _ySiglo XX |
| 650 | 1 | 4 |
_2LEMB _aAutoestima en la literatura |
| 650 | 1 | 4 |
_2LEMB _aAnimales en la literatura |
| 650 | 1 | 4 |
_2LEMB _aConejos en la literatura |
| 650 | 1 | 4 |
_2LEMB _aDietas en la literatura |
| 650 | 1 | 4 |
_2LEMB _aAlimentación en la literatura |
| 700 | 1 |
_aMendía, Mariana _eeditora _971968 |
|
| 700 | 1 |
_aPasarán, Eliana _eeditora _990525 |
|
| 700 | 1 |
_aVenegas Geffroy, Miguel _ediseñador _990526 |
|
| 700 | 1 |
_aSantos Cuesta, Margarita _etraductora _972566 |
|
| 942 |
_2loc _cBKINF |
||
| 264 |
_aMéxico _bFondo de Cultura Económica _c2014 |
||
| 336 |
_atexto _btxt _2rdacontent |
||
| 337 |
_asin mediación _bn _2rdamedia |
||
| 338 |
_avolumen _bnc _2rdacarrier |
||
| 040 |
_aCO-BoRNBP _bspa _erda _cCO-BoRNBP |
||
| 084 | _aC KAS2 | ||
| 999 |
_c8048 _d8048 |
||